Sobre casi nada / (Record no. 19170)
[ view plain ]
| 000 -CABECERA | |
|---|---|
| campo de control de longitud fija | 00732cam a2200241 a 4500 |
| 001 - NÚMERO DE CONTROL | |
| campo de control | 000019654 |
| 005 - FECHA Y HORA DE LA ÚLTIMA TRANSACCIÓN | |
| campo de control | 20240226143822.0 |
| 008 - DATOS DE LONGITUD FIJA--INFORMACIÓN GENERAL | |
| campo de control de longitud fija | 840809s1962 sp 001 f spa d |
| 040 ## - FUENTE DE LA CATALOGACIÓN | |
| Centro catalogador/agencia de origen | DO-SdBNP |
| Centro/agencia transcriptor | CarP |
| Centro/agencia modificador | DLC |
| 050 00 - SIGNATURA TOPOGRÁFICA DE LA BIBLIOTECA DEL CONGRESO | |
| Número de clasificación | 863.64 |
| Número de documento/Ítem | C174so, 1962 |
| 049 ## - FONDOS LOCALES (OCLC) | |
| Fondos de biblioteca | BNGR |
| 100 1# - ENTRADA PRINCIPAL--NOMBRE DE PERSONA | |
| Nombre de persona | Camba, Julio, |
| Fechas asociadas al nombre | 1882-1962 |
| 9 (RLIN) | 3094 |
| 245 10 - MENCIÓN DE TÍTULO | |
| Título | Sobre casi nada / |
| Mención de responsabilidad, etc. | Julio Camba. |
| 260 ## - PUBLICACIÓN, DISTRIBUCIÓN, ETC. | |
| Lugar de publicación, distribución, etc. | Madrid : |
| Nombre del editor, distribuidor, etc. | Espasa-Calpe, |
| Fecha de publicación, distribución, etc. | 1962. |
| 300 ## - DESCRIPCIÓN FÍSICA | |
| Extensión | 231 p. ; |
| Dimensiones | 18 cm. |
| 490 1# - MENCIÓN DE SERIE | |
| Mención de serie | Austral. Azul: novelas y cuentos |
| Designación de volumen o secuencia | 687 |
| 500 ## - NOTA GENERAL | |
| Nota general | Incluye índice de autores |
| 650 #4 - PUNTO DE ACCESO ADICIONAL DE MATERIA--TÉRMINO DE MATERIA | |
| Término de materia o nombre geográfico como elemento de entrada | Novela española |
| 9 (RLIN) | 1123 |
| 650 #4 - PUNTO DE ACCESO ADICIONAL DE MATERIA--TÉRMINO DE MATERIA | |
| Término de materia o nombre geográfico como elemento de entrada | Literatura española |
| 9 (RLIN) | 632 |
| 830 #0 - PUNTO DE ACCESO ADICIONAL DE SERIE-TÍTULO UNIFORME | |
| Título uniforme | Austral. |
| Nombre de parte o sección de la obra | Azul: novelas y cuentos; |
| Designación de volumen o secuencia | 687 |
| 9 (RLIN) | 41554 |
| 910 ## - DATOS DE OPCIÓN DEL USUARIO (OCLC) | |
| Datos de opción del usuario | Catalogación derivada / LC |
| 910 ## - DATOS DE OPCIÓN DEL USUARIO (OCLC) | |
| Datos de opción del usuario | WM |
| Estado de retiro | Estado de pérdida | Restricciones de uso | No para préstamo | Código de colección | Localización permanente | Ubicación/localización actual | Ubicación en estantería | Fecha de adquisición | Número de inventario | Total de préstamos | Signatura topográfica completa | Código de barras | Fecha visto por última vez | Precio válido a partir de | Tipo de ítem Koha |
|---|---|---|---|---|---|---|---|---|---|---|---|---|---|---|---|
| Monografías: Libros y Folletos | General | General | Depósito | 02.07.2010 | LF1 | 863.64 C174so, 1962 | 19654-10 | 25.06.2020 | 25.06.2020 | Préstamo en sala |
